<?xml version="1.0" encoding="UTF-8"?>
<collection xmlns="http://www.loc.gov/MARC21/slim">
 <record>
  <leader>00481nam a22001455a 4500</leader>
  <controlfield tag="001">EHU.bham051037</controlfield>
  <controlfield tag="008">221012s2017####ag############000#0#####d</controlfield>
  <controlfield tag="005">20221012075030.0</controlfield>
  <datafield tag="245" ind1="0" ind2="0">
   <subfield code="a">Cebra Zebra /</subfield>
   <subfield code="c">escrito y dibujado por Roberta Iannamico.</subfield>
  </datafield>
  <datafield tag="260" ind1=" " ind2=" ">
   <subfield code="a">Villa Ventana :</subfield>
   <subfield code="b">Maravilla,</subfield>
   <subfield code="c">2017.</subfield>
  </datafield>
  <datafield tag="100" ind1="1" ind2=" ">
   <subfield code="a">Iannamico, Roberta.</subfield>
  </datafield>
  <datafield tag="082" ind1="9" ind2="8">
   <subfield code="a">A868.5 Ia6</subfield>
  </datafield>
  <datafield tag="653" ind1=" " ind2=" ">
   <subfield code="a">Literatura argentina-2000-</subfield>
  </datafield>
  <datafield tag="653" ind1=" " ind2=" ">
   <subfield code="a">Miscelánea argentina-2000-</subfield>
  </datafield>
  <datafield tag="859" ind1=" " ind2=" ">
   <subfield code="a">AR-BHAM</subfield>
   <subfield code="b">BIB. HUMANIDADES - General</subfield>
   <subfield code="h">A868.5</subfield>
   <subfield code="i">Ia6</subfield>
   <subfield code="p">33.20</subfield>
  </datafield>
 </record>
</collection>
